Las piernas de la política española - Estadísticas

Estadísticas generales
  • Esta prueba ha sido intentada 122 veces
    112 desde el último reinicio
  • La puntuación promedio es 29 de 36
Estadísticas de respuestas
Pregunta Azulejo Select % Correcto
Mariano Rajoy No
97%
Mariano Rajoy No
97%
Mariano Rajoy No
97%
Santiago Abascal No
95%
Mariano Rajoy No
94%
Pablo Iglesias No
94%
Santiago Abascal No
93%
Santiago Abascal No
93%
José Luis Martínez -Almeida No
92%
Pablo Iglesias No
91%
Pedro Sánchez No
90%
Santiago Abascal No
90%
José María Aznar No
90%
José Luis Martínez -Almeida No
89%
Pedro Sánchez No
88%
Pedro Sánchez No
88%
Pablo Iglesias No
87%
Pedro Sánchez No
87%
José María Aznar No
87%
José María Aznar No
87%
Santiago Abascal No
86%
Pablo Iglesias No
85%
José María Aznar No
85%
Pablo Iglesias No
84%
José Luis Martínez -Almeida No
84%
José Luis Martínez -Almeida No
80%
José Luis Martínez -Almeida No
78%
Santiago Abascal
74%
Mariano Rajoy No
68%
Mariano Rajoy
66%
José María Aznar No
66%
Pablo Iglesias
59%
Pedro Sánchez No
49%
José Luis Martínez -Almeida
45%
José María Aznar
36%
Pedro Sánchez
32%
No se encontraron pruebas coincidentes
Distribución de puntuación
Porcentaje de gente con cada puntuación
Porcentaje por número respondido
Historial de tus puntuaciones
No has intentado esta prueba desde el último reinicio